Crónicas de Alex Varela

Na minha lista:
Detalhes bibliográficos
Autor principal: Varela, Alex (Autor)
Formato: Livro
Idioma:espanhol
Publicado em: Valparaíso Empresa Periodística El Mercurio 1984
Assuntos:
Tags: Adicionar Tag
Sem tags, seja o primeiro a adicionar uma tag!

MARC

LEADER 00000nam a2200000 a 4500
001 UCY5567
003 CL-VaPUC
008 950511e19840000CL |||||||||||||||||spa|d
082 0 4 |a 070.44  |b VAR  |2 21 
100 0 |a Varela, Alex  |e author  |9 334472 
245 1 0 |a Crónicas de Alex Varela 
300 |a 283 p 
942 |c BK 
945 |d 19950511 00:00:00  |a rbrito 
260 |a Valparaíso  |b Empresa Periodística El Mercurio  |c 1984 
600 0 7 |a VARELA, ALEX  |2 CL-VaPUC  |9 334473 
650 0 |a Crónicas periodísticas  |9 334474 
651 7 |a CHILE  |2 CL-VaPUC  |9 334475 
651 0 |a Valparaíso, Chile  |9 261144 
583 |a last modification  |c 19950511 00:00:00  |k Rodrigo Vera 
999 |c 233208  |d 233206 
952 |0 0  |1 0  |4 0  |6 070_440000000000000_VAR_1984  |7 0  |8 A  |9 238535  |a BIBEDU  |b BIBEDU  |d 2019-11-18  |i 3084752  |o 070.44 VAR 1984  |p 3084752  |r 2019-11-18  |w 2019-11-18  |y BK  |k LIT